Characters in Literature II Quiz Stats

Quiz Updated Feb 9, 2015

Challenge
Share
Tweet
Embed
Score 0/20 Timer 06:00
2 Plays Today
Hint Character % Correct
German fairytale character imprisoned in a tower. Her long hair is coveted by her captor.Rapunzel
95.6%
The narrator and protagonist of To Kill a Mockingbird.Jean Louise 'Scout' Finch
82.9%
The hobbit protagonist in 'The Lord of the Rings' who inherits the One Ring from his uncleFrodo Baggins
80.7%
Female protagonist in 'Pride & Prejudice', a beloved character for her complexityElizabeth Bennet
69.7%
The lost love of Jay Gatsby in 'The Great Gatsby'Daisy Buchanan
65.6%
Young noblewoman of Denmark and potential wife of Prince Hamlet in 'Hamlet'Ophelia
61.8%
Female protagonist in 'Breakfast at Tiffany's'Holly Golightly
60.2%
Venetian beauty who enrages and disappoints her father when she elopes with 'Othello'Desdemona
52.5%
Female protagonist of 'Wuthering Heights', born and raised at the farm, and a close friend of the orphan HeathcliffCatherine Earnshaw
49.9%
The literary scholar in 'Lolita', who has an obsession with young girlsHumbert Humbert
49.9%
Hint Character % Correct
A highly-competent valet of a wealthy and foolish young man named Bertie Wooster in an eponymous series of novelsReginald Jeeves
44.8%
Wealthy spinster who lives in her ruined mansion in 'Great Expectations'Miss Havisham
42.8%
The hapless protagonist in 'The Hitchhiker's Guide to the Galaxy'Arthur Dent
41%
Head nurse and antagonist in 'One Flew Over the Cuckoo's Nest'Nurse Ratched
39.6%
14 year old narrator of 'The Outsiders' who is a member of the Greasers gangPonyboy
39.2%
Wall Street investment banker, antihero and narrator of the novel 'American Psycho'Patrick Bateman
32.1%
Queen of Carthage who killed herself when Aeneas broke her heart in 'Aeneid'Dido
30.2%
Intelligence officer at MI6 and protagonist in 'Tinker Tailor Soldier Spy'George Smiley
29.5%
Central female storyteller in 'Canterbury Tales'The Wife of Bath
29.1%
Spoiled protagonist sent to live with her uncle, who discovers 'The Secret Garden'Mary Lennox
27%

You're not logged in!

Compare scores with friends on all Sporcle quizzes.
Sign Up with Email
OR
Log In

You Might Also Like...

Show Comments

Extras

Top Quizzes Today


Score Distribution

Your Account Isn't Verified!

In order to create a playlist on Sporcle, you need to verify the email address you used during registration. Go to your Sporcle Settings to finish the process.